| 000 | 00645nam a2200217 a 4500 | ||
|---|---|---|---|
| 999 |
_c2632 _d2632 |
||
| 001 | 2632 | ||
| 003 | BD-JhCC | ||
| 005 | 20171105173439.0 | ||
| 008 | 171105s1373 bg |||| ||a| 000 0 ben d | ||
| 035 | _a(BD-JhCC)2632 | ||
| 040 |
_aBD-JhCC _dBD-JhCC |
||
| 041 | _aben | ||
| 082 |
_a891.443 _bROB 1373 |
||
| 100 | _aরব, মুহম্মদ আবদুর | ||
| 245 |
_aভাঙ্গা সেতু / _cমুহম্মদ আবদুর রব |
||
| 260 |
_aঢাকা, _bকাজী আবদুস সোবহান, _c1373. |
||
| 300 |
_a112 p. : _c21 cm. |
||
| 650 | _aBengali Novel | ||
| 942 |
_2ddc _cBK |
||